|
|
|
|
| LEADER |
00000nam a2200000 a 4500 |
| 001 |
1/106821 |
| 008 |
150609t2009####gr | ||| |||| ||gre|| |
| 020 |
|
|
|a 9789602186589 (pbk.)
|
| 040 |
|
|
|a GR-MyUa
|b gre
|c GR-MyUa
|e AACR2
|
| 041 |
0 |
|
|a gre
|
| 082 |
7 |
|
|a 330.122
|2 (23)
|
| 245 |
0 |
0 |
|a Πολιτική οικονομία του καπιταλισμού /
|c επιμέλεια Ανδριάνα Βλάχου.
|
| 260 |
|
|
|a Αθήνα :
|b Κριτική,
|c c2009.
|
| 300 |
|
|
|a 1022 σ. :
|b διαγρ., πίν. ;
|c 24 εκ.
|
| 504 |
|
|
|a Περιλαμβάνει βιβλιογραφικές παραπομπές.
|
| 650 |
|
0 |
|a Capitalism.
|
| 650 |
|
0 |
|a Marxian economics.
|
| 650 |
|
0 |
|a Economic crises.
|
| 700 |
1 |
|
|a Βλάχου, Ανδριάνα,
|e edtf
|
| 852 |
|
|
|a INST
|b CHIOS
|c EUDOXUS
|e 20150609
|h 330.122 ΠΟΛ
|p 005200037510
|q 005200037510
|t BK
|y 0
|
| 852 |
|
|
|a INST
|b CHIOS
|c EUDOXUS
|e 20150609
|h 330.122 ΠΟΛ
|p 005200037511
|q 005200037511
|t BK
|y 0
|
| 920 |
|
|
|a Εύδοξος
|b Παραγγελία
|y Χίος-ΤΔΕ
|z 2015-05
|
| 970 |
|
|
|a Σπέντζα
|b Ελένη
|z 09-06-2015
|